| 000 -ლიდერი |
| ფიქსირებული სიგრძის საკონტროლო ველი |
02704nam a2200361Ia 4500 |
| 001 - საკონტროლო ნომერი |
| საკონტროლო ველი |
23228 |
| 003 - საკონტროლო ნომრის იდენტიფიკატორი |
| საკონტროლო ველი |
GE_BSU |
| 005 - ბოლო ოპერაციის თარიღი და დრო |
| საკონტროლო ველი |
20250915172924.0 |
| 008 - ფიქსირებული სიგრძის მონაცემთა ელემენტები - ზოგადი ინფორმაცია |
| ფიქსირებული სიგრძის საკონტროლო ველი |
181216s1975||||ge |||||||||||||| ||geo|| |
| 040 ## - კატალოგიზაციის წყარო |
| Transcribing agency |
GE_BSU |
| 041 ## - ენის კოდი |
| Language code of text/sound track or separate title |
geo |
| 080 ## - უნივერსალური ათობითი კლასიფიკაციის ინდექსი |
| Universal Decimal Classification number |
94(479.22) ბ-57 |
| 100 ## - მთავარი ჩანაწერი - პიროვნების სახელი |
| Personal name |
ბერძენიშვილი, ნიკოლოზ |
| 9 (RLIN) |
1447 |
| 245 ## - ცნობა სათაურის შესახებ |
| Title |
საქართველოს ისტორიის საკითხები. წ. 8 : |
| Remainder of title |
მასალები ავტორის არქივიდან / |
| Statement of responsibility, etc |
ნ. ბერძენიშვილი ; სარედაქციო კოლეგია : გ. აკოფაშვილი, მ. ბერძნიშვილი, დ. ბერძენიშვილი [და სხვა] ; მხატვარი გ. ნადირაძე ; საქართველოს სსრ მეცნიერებათა აკადემია, ივ. ჯავახიშვილის სახ. ისტორიის, არქეოლოგიისა და ეთნოგრაფიის ინსტიტუტი. |
| 264 ## - წარმოების, გამოცემის, დისტრიბუციის და სხვა ცნობები |
| გამოცემის, წარმოების, დისტრიბუციის... ადგილი |
თბილისი : |
| გამოცემის, წარმოების, დისტრიბუციის... სახელწოდება |
მეცნიერება, |
| გამოცემის, წარმოების, დისტრიბუციის... თარიღი |
1975. |
| 300 ## - ფიზიკური აღწერა |
| Extent |
692 გვ. ; |
| Dimensions |
22 სმ. |
| 500 ## - ზოგადი შენიშვნა |
| General note |
საძიებლები : გვ. 654-690 |
| 520 ## - SUMMARY, ETC. |
| Summary, etc |
გაშლ. თავფ. რუს. ენ. |
| 653 ## - INDEX TERM--UNCONTROLLED |
| Uncontrolled term |
საქართველოს ისტორია |
| 653 ## - INDEX TERM--UNCONTROLLED |
| Uncontrolled term |
საქართველოს ისტორიის საკითხები |
| 653 ## - INDEX TERM--UNCONTROLLED |
| Uncontrolled term |
წ. 8 : მასალები ავტორის არქივიდან |
| 700 ## - ADDED ENTRY--PERSONAL NAME |
| Personal name |
ბერძნიშვილი, მ. |
| Relator term |
რედაქტორი |
| 9 (RLIN) |
25817 |
| 700 ## - ADDED ENTRY--PERSONAL NAME |
| Personal name |
ბერძენიშვილი, დ. |
| Relator term |
რედაქტორი |
| 9 (RLIN) |
1470 |
| 700 ## - ADDED ENTRY--PERSONAL NAME |
| Personal name |
დუმბაძე, მ. |
| Relator term |
რედაქტორი |
| 9 (RLIN) |
25818 |
| 700 ## - ADDED ENTRY--PERSONAL NAME |
| Personal name |
მეგრელიძე, დ. |
| Relator term |
რედაქტორი |
| 9 (RLIN) |
3786 |
| 700 ## - ADDED ENTRY--PERSONAL NAME |
| Personal name |
მუსხელიშვილი, დ. |
| Relator term |
რედაქტორი |
| 9 (RLIN) |
3201 |
| 700 ## - ADDED ENTRY--PERSONAL NAME |
| Personal name |
ხანთაძე, შ. |
| Relator term |
რედაქტორი |
| 9 (RLIN) |
3464 |
| 700 ## - ADDED ENTRY--PERSONAL NAME |
| Personal name |
ჯამბურია, გ. |
| Relator term |
რედაქტორი |
| 9 (RLIN) |
34 |
| 700 ## - ADDED ENTRY--PERSONAL NAME |
| Personal name |
ნადირაძე, გ. |
| Relator term |
მხატვარი |
| 9 (RLIN) |
25819 |
| 710 ## - ADDED ENTRY--CORPORATE NAME |
| Corporate name or jurisdiction name as entry element |
საქართველოს სსრ მეცნიერებათა აკადემია |
| Subordinate unit |
ივ. ჯავახიშვილის სახ. ისტორიის, არქეოლოგიისა და ეთნოგრაფიის ინსტიტუტი |
| 9 (RLIN) |
18718 |
| 942 ## - ADDED ENTRY ELEMENTS (KOHA) |
| Koha item type |
წიგნი |
| Source of classification or shelving scheme |
|